| 000 | 00738nam a2200205 a 4500 | ||
|---|---|---|---|
| 003 | 0 | ||
| 005 | 20250318135215.0 | ||
| 008 | 071127s19uu xx 00 eng d | ||
| 050 |
_aPGS GV 1469.3.S78 _b.An581 2007 |
||
| 100 | _aAngac, Shaira. | ||
| 245 |
_aComputer games and students' study habits / _cShaira Angac. |
||
| 260 |
_aLas PiƱas City, Philippines : _bSouthville International School and Colleges, _c2007. |
||
| 300 |
_a25 pages : _billustrations ; _c28 cm. |
||
| 504 | _aIncludes bibliographical references. | ||
| 650 |
_aVideo games _vPsychological aspects. |
||
| 650 | _aVideo games and children. | ||
| 650 |
_aStudy skills _vMiddle school students. |
||
| 650 |
_aComputer games _vSocial aspects. |
||
| 942 |
_2lcc _cPASS |
||
| 999 |
_c97685 _d97685 |
||